Good morning, Vietnam (Record no. 67238)
[ view plain ]
| 000 -LEADER | |
|---|---|
| campo de control de longitud fija | 02672cgm a2200613Ka 4500 |
| 001 - NÚMERO DE CONTROL | |
| campo de control | 39378 |
| 005 - FECHA Y HORA DE LA ÚLTIMA TRANSACCIÓN | |
| campo de control | 20230410123840.0 |
| 007 - CAMPO FIJO DE DESCRIPCIÓN FÍSICA--INFORMACIÓN GENERAL | |
| campo de control de longitud fija | vd cgaiz| |
| 008 - DATOS DE LONGITUD FIJA--INFORMACIÓN GENERAL | |
| campo de control de longitud fija | 010810s2000 cau121 vleng d |
| 035 ## - NÚMERO DE CONTROL DEL SISTEMA | |
| Número de control de sistema | (OCoLC)ocm47755198 |
| 040 ## - FUENTE DE CATALOGACIÓN | |
| Centro catalogador/agencia de origen | LVL |
| Centro/agencia transcriptor | LVL |
| Centro/agencia modificador | ONU |
| -- | OCLCQ |
| 020 ## - NÚMERO INTERNACIONAL ESTÁNDAR DEL LIBRO | |
| Número Internacional Estándar del Libro | 1558908897 |
| 020 ## - NÚMERO INTERNACIONAL ESTÁNDAR DEL LIBRO | |
| Número Internacional Estándar del Libro | 9781558908895 |
| 024 1# - IDENTIFICADOR DE OTROS ESTÁNDARES | |
| Número estándar o código | 717951000736 |
| 028 40 - NÚMERO DE EDITOR O DISTRIBUIDOR | |
| Número de editor o de distribuidor | 15279 |
| Fuente | Touchstone Home Video |
| 035 ## - NÚMERO DE CONTROL DEL SISTEMA | |
| Número de control de sistema | (OCoLC)47755198 |
| 050 14 - SIGNATURA TOPOGRÁFICA DE LA BIBLIOTECA DEL CONGRESO | |
| Número de clasificación | CM DVD 00821 |
| 082 04 - NÚMERO DE LA CLASIFICACIÓN DECIMAL DEWEY | |
| Número de clasificación | 791.4372 |
| Número de ítem | G6462 |
| 049 ## - FONDOS LOCALES (OCLC) | |
| Biblioteca depositaria | GRAL |
| 245 00 - MENCIÓN DEL TÍTULO | |
| Título | Good morning, Vietnam |
| Medio | [videorecording] / |
| Mención de responsabilidad, etc. | Touchstone Pictures presents in association with Silver Screen Partners III ; a Rollins, Morra and Brezner production ; a Barry Levinson film ; written by Mitch Markowitz ; produced by Mark Johnson and Larry Brezner ; directed by Barry Levinson. |
| 250 ## - MENCION DE EDICION | |
| Mención de edición | Widescreen ed. |
| 260 ## - PUBLICACIÓN, DISTRIBUCIÓN, ETC. | |
| Lugar de publicación, distribución, etc. | Burbank, Calif. : |
| Nombre del editor, distribuidor, etc. | Touchstone Home Video : |
| -- | Distributed by Buena Vista Home Video, |
| Fecha de publicación, distribución, etc. | [2000] |
| 300 ## - DESCRIPCIÓN FÍSICA | |
| Extensión | 1 videodisc (121 min.) : |
| Otras características físicas | sd., col. ; |
| Dimensiones | 4 3/4 in. |
| 546 ## - NOTA DE IDIOMA | |
| Nota de lengua/lenguaje | Closed captioned for the hearing impaired. |
| 546 ## - NOTA DE IDIOMA | |
| Nota de lengua/lenguaje | In English and French. |
| 500 ## - NOTA GENERAL | |
| Nota general | Rated R. |
| 511 1# - NOTA DE PARTICIPANTES O INTÉRPRETES | |
| Nota de participantes o intérpretes | Robin Williams (Adrian Cronauer), Forest Whitaker (Edward Garlick), Tung Thanh Tran (Tuan), Chintara Sukapatana (Trinh), Bruno Kirby (Lt. Steven Hauk). |
| 508 ## - NOTA DE CRÉDITOS DE CREACIÓN O PRODUCCIÓN | |
| Nota de créditos de creación o producción | Co-produced by Ben Moses ; director of photography, Peter Sova ; original score by Alex North. |
| 500 ## - NOTA GENERAL | |
| Nota general | Originally issued as a motion picture in 1987. |
| 500 ## - NOTA GENERAL | |
| Nota general | Includes theatrical trailer and chapter search. |
| 518 ## - NOTA DE FECHA/HORA Y LUGAR DE UN ACONTECIMIENTO | |
| Nota de fecha/hora y lugar de un acontecimiento | Filmed entirely in Thailand. |
| 538 ## - NOTA DE DETALLES DEL SISTEMA | |
| Nota de detalles del sistema | DVD. |
| 538 ## - NOTA DE DETALLES DEL SISTEMA | |
| Nota de detalles del sistema | Dolby digital sound, digitally mastered, stereo, Dolby Digital 5.1 audio. |
| 520 ## - RESUMEN, ETC. | |
| Sumario, etc. | Imported by the Army for an early morning radio show in Vietnam, disc jockey Adrian Cronauer blasts the formerly staid, sanitized airwaves with a constant barrage of rapid-fire humor and the hottest hits from back home. The G.I.'s love him, but the brass is up in arms. |
| 500 ## - NOTA GENERAL | |
| Nota general | "15279." |
| 600 10 - PUNTO DE ACCESO ADICIONAL DE MATERIA--NOMBRE DE PERSONA | |
| Nombre de persona | Cronauer, Adrian |
| Subdivisión de forma | Drama. |
| 650 #0 - PUNTO DE ACCESO ADICIONAL DE MATERIA--TÉRMINO DE MATERIA | |
| Término de materia o nombre geográfico como elemento de entrada | Disc jockeys |
| Subdivisión de forma | Drama. |
| 650 #0 - PUNTO DE ACCESO ADICIONAL DE MATERIA--TÉRMINO DE MATERIA | |
| Término de materia o nombre geográfico como elemento de entrada | Vietnam War, 1961-1975 |
| Subdivisión de forma | Drama. |
| 650 #0 - PUNTO DE ACCESO ADICIONAL DE MATERIA--TÉRMINO DE MATERIA | |
| Término de materia o nombre geográfico como elemento de entrada | Comedy films. |
| 650 #0 - PUNTO DE ACCESO ADICIONAL DE MATERIA--TÉRMINO DE MATERIA | |
| Término de materia o nombre geográfico como elemento de entrada | Video recordings for the hearing impaired. |
| 650 #0 - PUNTO DE ACCESO ADICIONAL DE MATERIA--TÉRMINO DE MATERIA | |
| Término de materia o nombre geográfico como elemento de entrada | Feature films. |
| 655 #7 - TERMINO DE INDIZACIÓN--GENERO/FORMA | |
| Datos o término principal de género/forma | War films and programs. |
| Fuente del término | mim |
| 655 #7 - TERMINO DE INDIZACIÓN--GENERO/FORMA | |
| Datos o término principal de género/forma | Comedies. |
| Fuente del término | mim |
| 655 #7 - TERMINO DE INDIZACIÓN--GENERO/FORMA | |
| Datos o término principal de género/forma | Features. |
| Fuente del término | mim |
| 700 1# - ENTRADA AGREGADA--NOMBRE PERSONAL | |
| Nombre de persona | Williams, Robin, |
| Fechas asociadas al nombre | 1952 July 21- |
| 700 1# - ENTRADA AGREGADA--NOMBRE PERSONAL | |
| Nombre de persona | Whitaker, Forest. |
| 700 1# - ENTRADA AGREGADA--NOMBRE PERSONAL | |
| Nombre de persona | Kirby, Bruno. |
| 700 1# - ENTRADA AGREGADA--NOMBRE PERSONAL | |
| Nombre de persona | Levinson, Barry. |
| 710 2# - ENTRADA AGREGADA--NOMBRE DE ENTIDAD CORPORATIVA | |
| Nombre de entidad corporativa o nombre de jurisdicción como elemento de entrada | Touchstone Pictures. |
| 710 2# - ENTRADA AGREGADA--NOMBRE DE ENTIDAD CORPORATIVA | |
| Nombre de entidad corporativa o nombre de jurisdicción como elemento de entrada | Silver Screen Partners III. |
| 710 2# - ENTRADA AGREGADA--NOMBRE DE ENTIDAD CORPORATIVA | |
| Nombre de entidad corporativa o nombre de jurisdicción como elemento de entrada | Touchstone Home Video (Firm) |
| 942 ## - ELEMENTOS DE ENTRADA SECUNDARIOS (KOHA) | |
| Fuente del sistema de clasificación o colocación | Clasificación de Library of Congress |
| Tipo de ítem Koha | |
| 994 ## - | |
| -- | C0 |
| -- | DRFGD |
| Estatus retirado | Estado de pérdida | Fuente del sistema de clasificación o colocación | Estado de daño | No para préstamo | Biblioteca de origen | Biblioteca actual | Ubicación en estantería | Fecha de adquisición | Signatura topográfica completa | Código de barras | Visto por última vez | Copia número | Tipo de ítem Koha |
|---|---|---|---|---|---|---|---|---|---|---|---|---|---|
| Clasificación de Library of Congress | Biblioteca Juan Bosch | Biblioteca Juan Bosch | Colección Multimedia (Humanidades 4to. Piso) | 10/04/2023 | CM DVD 00821 | 00000040067 | 25/10/2018 | 1 |
